[Event "Nassau-ch"]
[Site "Nassau"]
[Date "2009.12.07"]
[Round "8"]
[White "Kaplan, Ivan"]
[Black "Murphy, Thomas D"]
[Result "0-1"]
[WhiteElo "1766"]
[BlackElo "1680"]
[PlyCount "176"]
[EventDate "2009.10.19"]
[EventType "swiss"]
[EventRounds "10"]
[EventCountry "USA"]
[SourceTitle "EXT 2011"]
[Source "ChessBase"]
[SourceDate "2010.11.26"]
[SourceVersion "1"]
[SourceVersionDate "2010.11.26"]
[SourceQuality "1"]

1. d4 g6 2. c4 Nf6 3. Nc3 Bg7 4. h3 d5 5. Bf4 c6 6. e3 0-0 7. Nf3 Nbd7 8. Rc1 Qa5 9. Nd2 Nh5 10. Bh2 e6 11. Be2 Nhf6 12. 0-0 Qd8 13. cxd5 exd5 14. Nf3 Re8 15. b4 a6 16. Ne1 Bf8 17. Nd3 Ne4 18. Nxe4 dxe4 19. Nc5 Nxc5 20. bxc5 Be6 21. Bc4 Qd7 22. Qc2 f5 23. Bxe6+ Qxe6 24. Rb1 Qf7 25. a4 g5 26. Qb3 Re7 27. Qxf7+ Rxf7 28. f4 exf3 29. Rxf3 Bg7 30. g3 h5 31. Rbf1 Raf8 32. Kg2 Bh6 33. g4 fxg4 34. hxg4 Rxf3 35. Rxf3 Rxf3 36. Kxf3 h4 37. Ke4 Kf7 38. Kf5 Kg7 39. e4 Kf7 40. e5 h3 41. e6+ Ke7 42. Bd6+ Ke8 43. Kg6 Bf8 44. Bh2 Be7 45. Kf5 Kd8 46. Ke5 Ke8 47. d5 cxd5 48. Kxd5 Bd8 49. c6 bxc6+ 50. Kxc6 Ke7 51. Kd5 Ba5 52. Bd6+ Ke8 53. Ke4 Bd2 54. Kf3 Bf4 55. Bc5 Kd8 56. Bb4 Kc7 57. e7 Kd7 58. Bc5 Be5 59. Bb4 Bf6 60. Kg3 Bxe7 61. Bd2 Kc6 62. Kxh3 Kd5 63. Kg2 Kc4 64. Kf2 Bc5+ 65. Ke2 Be7 66. Be3 Bd8 67. Bd2 Kd4 68. Kf3 a5 69. Be3+ Kd3 70. Bc1 Kc2 71. Be3 Kb3 72. Ke4 Kxa4 73. Kf5 Kb5 74. Bxg5 Bxg5 75. Kxg5 a4 76. Kh6 a3 77. g5 a2 78. g6 a1Q 79. g7 Qh1+ 80. Kg6 Qe4+ 81. Kf7 Qf5+ 82. Ke8 Qg6+ 83. Kf8 Qf6+ 84. Kg8 Kc6 85. Kh7 Qh4+ 86. Kg6 Qg4+ 87. Kf6 Kd7 88. Kf7 Qe6+ 0-1

[Event "Nassau-ch"]
[Site "Nassau"]
[Date "2009.10.19"]
[Round "1"]
[White "Murphy, Thomas D"]
[Black "Lima, Louis"]
[Result "0-1"]
[WhiteElo "1680"]
[BlackElo "1950"]
[PlyCount "142"]
[EventDate "2009.10.19"]
[EventType "swiss"]
[EventRounds "10"]
[EventCountry "USA"]
[SourceTitle "EXT 2011"]
[Source "ChessBase"]
[SourceDate "2010.11.26"]
[SourceVersion "1"]
[SourceVersionDate "2010.11.26"]
[SourceQuality "1"]

1. e4 d5 2. Nc3 dxe4 3. Nxe4 Bf5 4. Ng3 Bg6 5. Nf3 e6 6. d4 Nf6 7. Bd3 Bxd3 8. Qxd3 c5 9. 0-0 Be7 10. Qb5+ Qd7 11. Qxd7+ Nbxd7 12. c3 0-0 13. Bg5 h6 14. Bd2 Rfd8 15. Rfe1 cxd4 16. Nxd4 Nc5 17. b3 Bd6 18. Be3 Bxg3 19. hxg3 Nce4 20. c4 a6 21. Nf3 Rac8 22. Red1 Nc3 23. Rxd8+ Rxd8 24. Bd4 Ne2+ 25. Kf1 Nxd4 26. Rd1 Nc6 27. Rxd8+ Nxd8 28. b4 Nc6 29. b5 axb5 30. cxb5 Na7 31. a4 Nd5 32. Nd4 e5 33. Nf5 b6 34. Nd6 Nc3 35. a5 Naxb5 36. a6 Nc7 37. a7 f6 38. Ke1 Kf8 39. Kd2 N3d5 40. Kd3 Nb4+ 41. Kc4 Nc6 42. Nc8 Ke8 43. Nxb6 Nxa7 44. Kd3 Ke7 45. Nc4 Ke6 46. Ne3 Nd5 47. Nc4 Nc6 48. Ke2 Nd4+ 49. Kf1 Kf5 50. Nd2 Nc3 51. Nc4 h5 52. Nd6+ Kg4 53. Kg1 Nf5 54. Ne8 Nd5 55. Kh2 Kg5 56. Kh3 Kg6 57. g4 hxg4+ 58. Kxg4 Kf7 59. Kxf5 Kxe8 60. Ke4 Nc7 61. Kf5 Kf7 62. Ke4 Ke6 63. Kf3 Nd5 64. Ke4 f5+ 65. Kf3 e4+ 66. Ke2 Ke5 67. Kf1 Kf4 68. Ke2 Nb4 69. Kf1 Nd3 70. g3+ Kf3 71. g4 Kxg4 0-1

[Event "Nassau CC-ch"]
[Site "Mineola"]
[Date "2007.10.15"]
[Round "1"]
[White "Chipkin, Leonard B"]
[Black "Murphy, Thomas D"]
[Result "1-0"]
[WhiteElo "2053"]
[BlackElo "1742"]
[PlyCount "72"]
[EventDate "2007.10.15"]
[EventType "swiss"]
[EventRounds "10"]
[EventCountry "USA"]
[SourceTitle "EXT 2009"]
[Source "ChessBase"]
[SourceDate "2008.11.26"]
[SourceVersion "1"]
[SourceVersionDate "2008.11.26"]
[SourceQuality "1"]

1. d4 Nf6 2. e3 d5 3. Bd3 e6 4. Nd2 c5 5. c3 Nc6 6. f4 Bd6 7. Qf3 Qc7 8. Nh3 cxd4 9. exd4 a6 10. a4 b6 11. 0-0 Bb7 12. Qe2 0-0 13. Nf3 Ne4 14. Nfg5 Nxg5 15. Nxg5 g6 16. Qg4 Rae8 17. Bd2 Bc8 18. Qh4 f5 19. Rf3 Qg7 20. Rh3 h5 21. Re1 Nd8 22. Rg3 Kh8 23. Be2 Qh6 24. Rh3 Kg7 25. Qg3 Kh8 26. Nf3 Nf7 27. Bc1 Rg8 28. Ne5 Qg7 29. Bxh5 gxh5 30. Rxh5+ Nh6 31. Nf7+ Kh7 32. Qxg7+ Kxg7 33. Nxd6 Re7 34. Rxh6 Kxh6 35. Nxf5+ exf5 36. Rxe7 Rg7 1-0

[Event "Queens-ch"]
[Site "Jamaica"]
[Date "2006.11.17"]
[Round "7"]
[White "Lorenzo, Antonio"]
[Black "Murphy, Thomas D"]
[Result "1-0"]
[WhiteElo "1805"]
[BlackElo "1700"]
[PlyCount "93"]
[EventDate "2006.02.26"]
[EventType "swiss"]
[EventRounds "7"]
[EventCountry "USA"]
[SourceTitle "EXT 2008"]
[Source "ChessBase"]
[SourceDate "2007.11.25"]
[SourceVersion "1"]
[SourceVersionDate "2007.11.25"]
[SourceQuality "1"]

1. e4 c5 2. Nf3 d6 3. d4 cxd4 4. Nxd4 Nf6 5. Nc3 Nc6 6. Bc4 e5 7. Nb3 a6 8. a4 Be6 9. Bxe6 fxe6 10. Bg5 Be7 11. Bxf6 Bxf6 12. Qh5+ g6 13. Qg4 Qe7 14. h4 Qf7 15. 0-0-0 Be7 16. Kb1 0-0 17. h5 g5 18. f3 h6 19. Ne2 Rad8 20. Ng3 d5 21. exd5 exd5 22. Rhe1 Kh8 23. Re2 Bb4 24. Nd2 Qf4 25. Qxf4 gxf4 26. Ngf1 Rf5 27. g4 fxg3 28. Nxg3 Rg5 29. Ndf1 Nd4 30. Rf2 Bc5 31. f4 exf4 32. Rxf4 Bd6 33. Rfxd4 Bxg3 34. Nxg3 Rxg3 35. Rxd5 Rxd5 36. Rxd5 Rg5 37. c4 Rxd5 38. cxd5 Kg7 39. Kc2 Kf6 40. Kd3 b5 41. axb5 axb5 42. Ke4 b4 43. b3 Ke7 44. Ke5 Kd7 45. d6 Ke8 46. Ke6 Kd8 47. d7 1-0

[Event "Nassau CC-ch"]
[Site "Nassau"]
[Date "2000.10.30"]
[Round "3"]
[White "Capolongo, John J"]
[Black "Murphy, Thomas D"]
[Result "1-0"]
[WhiteElo "1791"]
[BlackElo "1635"]
[PlyCount "148"]
[EventDate "2000.10.??"]
[EventType "swiss"]
[EventRounds "10"]
[EventCountry "USA"]
[SourceTitle "EXT 2003"]
[Source "ChessBase"]
[SourceDate "2002.11.25"]
[SourceVersion "1"]
[SourceVersionDate "2002.11.25"]
[SourceQuality "1"]

1. e4 d6 2. d4 Nf6 3. Nc3 g6 4. Bc4 Bg7 5. Nge2 0-0 6. 0-0 Nbd7 7. f4 c5 8. Be3 a6 9. dxc5 b5 10. cxb6 Nxb6 11. Bb3 Bb7 12. Ng3 Nbd7 13. Qd2 Nc5 14. Bxc5 dxc5 15. Qxd8 Rfxd8 16. Rfe1 Bh6 17. f5 Ng4 18. h3 Ne5 19. Bd5 Rab8 20. b3 Bd2 21. Nge2 Bxe1 22. Rxe1 gxf5 23. Bxb7 Rxb7 24. exf5 Nc6 25. Ne4 Rd5 26. f6 e6 27. N2c3 Rd8 28. Re3 Ne5 29. Rg3+ Ng6 30. Nxc5 Ra7 31. N3e4 h6 32. h4 Kf8 33. Rxg6 fxg6 34. Nxe6+ Ke8 35. Nxd8 Kxd8 36. Nd6 Rd7 37. f7 Ke7 38. Nc4 Rd1+ 39. Kf2 Kxf7 40. g3 Ke6 41. Kf3 Rf1+ 42. Ke2 Rf8 43. Nd2 Kd5 44. Nf3 Ke4 45. Ne1 Kd4 46. c4 Kc3 47. Ng2 Kb2 48. Nf4 Rf6 49. Nd5 Re6+ 50. Kd3 Kxa2 51. Kc3 Ka3 52. c5 Re1 53. Kd4 Kxb3 54. c6 a5 55. c7 Rc1 56. Ke5 a4 57. Kd6 a3 58. Ne7 a2 59. Nc6 a1Q 60. c8Q Qf6+ 61. Kd5 Rd1+ 62. Kc5 Qf2+ 63. Kb5 Rd5+ 64. Ka6 Qe2+ 65. Ka7 Qa2+ 66. Kb6 Qf2+ 67. Ka6 Qe2+ 68. Ka7 Qe3+ 69. Ka6 Qd3+ 70. Ka7 Qb5 71. Qe6 Ka4 72. Qe4+ Ka3 73. Qf3+ Qd3 74. Qf8+ Ka4 1-0